000 00866nam a2200229Ia 4500
003 Ost
005 20260507075633.0
008 260507s9999||||xx |||||||||||||| ||und||
020 _a75673977
040 _cfsecg
041 _aara
082 _a658.403
100 _aخشبة، محمد ماجد
_eمؤلف
245 0 _aنظم دعم القرار /
_c محمد ماجد خشبة
260 _aالقاهرة:
_bدار الرضا للطباعة,
_c2001
300 _a133 صفحة؛
_c24 سم
490 _aسلسلة بحوث ودراسات
504 _aالمراجع ص.131
520 _aالمعلومات ودعم الإدارة في المنظمات المعاصرة ، نظم دعم القرار ، تنفيذ وأستخدام نظم دعم القرار ، تقييم نظم دعم القرار
653 _aالمعلومات
942 _cكتاب
999 _c45242
_d45242